| 000 | 00507nam a2200169Ia 4500 | ||
|---|---|---|---|
| 999 |
_c23504 _d23504 |
||
| 003 | OSt | ||
| 005 | 20200709103757.0 | ||
| 008 | 190216s9999||||xx |||||||||||||| ||und|| | ||
| 020 | _a9788187570387 | ||
| 040 | _coclc | ||
| 082 |
_a301.45297046 _bLEA/M |
||
| 100 |
_aLea, Henry Charles _93686 |
||
| 245 | 4 |
_aThe Moriscos Of Spain / _cHenry Charles Lea |
|
| 260 |
_bGoodword Books, _c2002. _aNew Delhi: |
||
| 300 | _a463p | ||
| 942 |
_cBK _2ddc _h301.45297046 _iLEA/M _k301.45297046 _mLEA/M |
||